| 000 | 00637nam a2200169 i 4500 | ||
|---|---|---|---|
| 001 | bg | ||
| 245 | 0 |
_aPrace Kongresu Kultury Polskiej : _bpod patronatem Prezydenta RP Edwarda Raczyńskiego. _nT. 4, _pWysiłek zbrojny w II wojnie światowej / _cpod red. Stanisława Biegańskiego i Aleksandra Szkuty ; Polskie Towarzystwo Naukowe na Obczyźnie. |
|
| 260 |
_aLondyn : _bPTN, _c1988. |
||
| 300 |
_a159 s., 2 k. tabl. : _b2 mapy ; _c22 cm. |
||
| 700 | 1 | _aBIEGAŃSKI, Stanisław. | |
| 700 | 1 |
_aSZKUTA, Aleksander. _eRed. |
|
| 040 | _cBPK | ||
| 041 | _apol | ||
| 080 | _a943.8.082 | ||
| 942 | _cKS | ||
| 008 | s pl f |000 0 pol | ||
| 999 |
_c29840 _d29840 |
||
| 856 |
_uhttp://koha.tu.koszalin.pl/cgi-bin/koha/opac-detail.pl?biblionumber=29840 _yKatalog online BPK |
||